Elhunyt Szekeres András
Elmentve itt :
| Dokumentumtípus: | Cikk |
|---|---|
| Megjelent: |
1977-05-18
|
| Sorozat: | Délmagyarország
67 No. 115 |
| Kulcsszavak: | Szekeres András |
| Online Access: | http://dmarchiv.bibl.u-szeged.hu/100203 |
| LEADER | 00397nab a2200145 i 4500 | ||
|---|---|---|---|
| 001 | delm100203 | ||
| 005 | 20190529104747.0 | ||
| 008 | 190529s1977 hu o 0|| hun d | ||
| 040 | |a SZTE Délmagyarország Archívum |b hun | ||
| 041 | |a hun | ||
| 245 | 0 | 0 | |a Elhunyt Szekeres András |h [elektronikus dokumentum] |
| 260 | |c 1977-05-18 | ||
| 300 | |a 6 | ||
| 490 | 0 | |a Délmagyarország |v 67 No. 115 | |
| 695 | |a Szekeres András | ||